Ricostruisci la Carriera del Calciatore - Rade Krunić - Statistics

Statistiche generali
  • Questo quiz è stato fatto 3 volte
  • Il punteggio medio è 4 su 6
Statistiche sulle risposte
Hint Risposta % Corretto
2015-2019 Empoli
100%
2015 Borac Čačak
67%
2024- Fenerbahçe
67%
2019-2024 Milan
67%
2013-2015 Donji Srem
33%
2012-2013 Sutjeska Foča
33%
Nessun quiz corrispondente trovato
Distribuzione punteggi
Percentuale di utenti per punteggio
Percentile per numero di risposta
I tuoi punteggi nel tempo
Non hai fatto questo quiz